Zvláštne druhy obchodných operácií. II. diel. Medzinárodný obchod s investičnými celkami /
Gespeichert in:
| 1. Verfasser: | |
|---|---|
| Weitere Verfasser: | |
| Format: | Buch |
| Sprache: | Slowakisch |
| Veröffentlicht: |
Bratislava :
Ekonóm,
2004
|
| Ausgabe: | 1. vyd. |
| Schlagworte: | |
| ISBN: | 8022518298 |
| Online-Zugang: |
|
| Tags: |
Tag hinzufügen
Keine Tags, Fügen Sie den ersten Tag hinzu!
|
MARC
| LEADER | 00000nam a2200000 4500 | ||
|---|---|---|---|
| 003 | SK-BrCVT | ||
| 005 | 20220621161716.0 | ||
| 008 | 050503s2004 xo e ||||||slo d | ||
| 020 | |a 8022518298 | ||
| 035 | |a CVTIDW0976392 | ||
| 040 | |b slo |a CVTI SR | ||
| 041 | 0 | |a slo | |
| 044 | |a xo | ||
| 080 | |a 339 |2 UDC-MRF | ||
| 080 | |a 336.7 |2 UDC-MRF | ||
| 100 | 1 | |a Pullmanová, Terézia | |
| 245 | 1 | 0 | |a Zvláštne druhy obchodných operácií. II. diel. Medzinárodný obchod s investičnými celkami / |c Terézia Pullmanová, Valéria Svobodová |
| 250 | |a 1. vyd. | ||
| 260 | |a Bratislava : |b Ekonóm, |c 2004 | ||
| 300 | |a 188 s. : |b lit., obr., tab. ; | ||
| 500 | |a Ekonom. univerzita, Obchodná fakulta | ||
| 653 | 1 | |a riadenie projektu |a efektívnosť |a financovanie |a tender |a zmluva | |
| 700 | 1 | |a Svobodová, Valéria |d 1958-, | |
| 910 | |b S594184 | ||
| 919 | |a 80-225-1829-8 | ||
| 974 | |f Knihy | ||
| 992 | |a ASK | ||
| 999 | |c 144410 |d 144410 | ||

